000 00414nam a2200133Ia 4500
008 220217s9999||||xx |||||||||||||| ||und||
020 _a81-7515-369-5
082 _a621.381 01 RAI
100 _aRai, Harish, C Pankaj
_93964
245 0 _aGATE for electrical and electronics communication engineerin
260 _aGalgotia publications
_bNew Delhi
_c2004
300 _b320
650 _aEXAM BOOKS/GRE/CAT/GATE
999 _c173161
_d173161